000
00300nam a2200145Ia 4500
650
_a
Dictionary
942
_c
BK
366
_f
20
245
_a
Cambridge phrasal verbs dictionary
260
_b
Cambridge
_c
2006
082
_a
25
_b
OXF
300
_a
411
546
_a
ENGLISH
_c
Computers
999
_c
34040
_d
34040